[Event "Rio de Janeiro Duchamp op 4th"]
[Site "Rio de Janeiro"]
[Date "2022.12.10"]
[Round "5"]
[White "Andersson, Ulf"]
[Black "Ramos, Angelo Bil"]
[Result "1-0"]
[WhiteElo "2519"]
[BlackElo "1912"]
[PlyCount "55"]
[EventDate "2022.12.07"]
[EventType "swiss"]
[EventRounds "9"]
[EventCountry "BRA"]
[SourceTitle "CBM 211 Extra"]
[Source "ChessBase"]
[SourceDate "2023.01.31"]
[SourceVersion "1"]
[SourceVersionDate "2023.01.31"]
[SourceQuality "1"]

1. Nf3 Nf6 2. c4 g6 3. g3 Bg7 4. Bg2 0-0 5. 0-0 d6 6. Nc3 e5 7. d4 Nc6 8. d5 Ne7 9. e4 b6 10. Bd2 a5 11. b3 Ne8 12. Qe2 f5 13. exf5 Nxf5 14. Rae1 h6 15. Ne4 Nf6 16. Bc3 Nxe4 17. Qxe4 Rb8 18. Nd2 Bd7 19. Qd3 Ne7 20. Ne4 Bf5 21. f4 exf4 22. Bxg7 Kxg7 23. Qc3+ Kf7 24. Rxf4 g5 25. Rf2 Kg6 26. g4 Bxg4 27. Rf6+ Kh7 28. Rxf8 1-0

[Event "Niteroi op 2nd"]
[Site "Niteroi"]
[Date "2022.09.07"]
[Round "9"]
[White "Lima, Ivan Varga"]
[Black "Ramos, Angelo Bil"]
[Result "0-1"]
[WhiteElo "1744"]
[BlackElo "2003"]
[PlyCount "121"]
[EventDate "2022.09.01"]
[EventType "swiss"]
[EventRounds "9"]
[EventCountry "BRA"]
[SourceTitle "EXT 2024"]
[Source "ChessBase"]
[SourceDate "2023.10.10"]
[SourceVersion "1"]
[SourceVersionDate "2023.10.10"]
[SourceQuality "1"]

1. d4 Nf6 2. c4 e6 3. Nc3 d5 4. Nf3 c5 5. g3 Nc6 6. cxd5 exd5 7. Bg2 Be7 8. 0-0 0-0 9. Bf4 a6 10. Rc1 c4 11. Ne5 Be6 12. Re1 Qb6 13. Na4 Qb5 14. b3 cxb3 15. Nxc6 bxc6 16. Qxb3 Ne4 17. Qc2 Rac8 18. Rb1 Qa5 19. f3 Nd6 20. Bd2 Qc7 21. Nc5 Nc4 22. Rb7 Qd8 23. Nxa6 Nxd2 24. Qxd2 Ra8 25. Nc7 Bc8 26. Reb1 Bxb7 27. Rxb7 Qc8 28. Qb2 Rb8 29. Rxb8 Qxb8 30. Qxb8 Rxb8 31. Bh3 Rb7 32. Na6 Bf6 33. e3 Rb1+ 34. Bf1 Bd8 35. a4 Kf8 36. Nc5 Ra1 37. Kf2 Ke7 38. e4 Bb6 39. exd5 Bxc5 40. dxc5 Rxa4 41. dxc6 Ra5 42. Bd3 Rxc5 43. Be4 f5 44. Bd3 Kd6 45. g4 g6 46. gxf5 gxf5 47. Ke3 Kxc6 48. Kf4 Kd6 49. Bxf5 h6 50. h4 Ke7 51. h5 Kf6 52. Bg4 Rc4+ 53. Ke3 Ke5 54. Kd2 Ra4 55. Kc2 Kf4 56. Kd3 Ke5 57. Kc3 Ra3+ 58. Kb2 Rd3 59. Kc1 Kf4 60. Kc2 Re3 61. Bf5 0-1

[Event "Niteroi op 2nd"]
[Site "Niteroi"]
[Date "2022.09.03"]
[Round "4"]
[White "Ramos, Angelo Bil"]
[Black "Santos, Abel Cardoso Dos"]
[Result "0-1"]
[WhiteElo "2003"]
[BlackElo "1826"]
[PlyCount "104"]
[EventDate "2022.09.01"]
[EventType "swiss"]
[EventRounds "9"]
[EventCountry "BRA"]
[SourceTitle "CBM 210 Extra"]
[Source "ChessBase"]
[SourceDate "2022.11.30"]
[SourceVersion "1"]
[SourceVersionDate "2022.11.30"]
[SourceQuality "1"]

1. d4 Nf6 2. c4 g6 3. Nc3 Bg7 4. e4 d6 5. Be2 Nbd7 6. Nf3 e5 7. h3 0-0 8. Be3 Re8 9. d5 Nc5 10. Qc2 a5 11. g4 c6 12. dxc6 bxc6 13. Rd1 Ne6 14. Nxe5 Bb7 15. c5 d5 16. Nc4 Qc7 17. Nd6 d4 18. Bxd4 Nxd4 19. Rxd4 Re7 20. Rd1 Nd7 21. Na4 Bh6 22. 0-0 Bf4 23. Bc4 Ne5 24. Be2 Nd7 25. Rfe1 Rd8 26. Nc4 Rde8 27. Bf1 Ne5 28. Bg2 Ba6 29. Nab6 h5 30. gxh5 gxh5 31. Nd6 Rb8 32. Nf5 Re6 33. Kh1 Kh7 34. Qc3 Rg8 35. Rd6 Rxd6 36. Nxd6 Qe7 37. Nbc4 Nxc4 38. Nxc4 Qh4 39. Qc2 Bxc4 40. Qxc4 Rg7 41. Qe2 Be5 42. Rd1 Kh6 43. Qf3 Qg5 44. b3 Rg6 45. a3 Rf6 46. Qe3 Bf4 47. Qd4 Be5 48. Qd2 Bf4 49. Qd3 Kg7 50. Bf3 Qh4 51. Kg1 Bg5 52. e5 Qxh3 0-1

[Event "Rio de Janeiro Estadual Cup"]
[Site "Rio de Janeiro"]
[Date "2022.07.30"]
[Round "5"]
[White "Fernandes, Felipe Gambini"]
[Black "Ramos, Angelo Bil"]
[Result "0-1"]
[WhiteElo "1792"]
[BlackElo "1996"]
[PlyCount "96"]
[EventDate "2022.07.23"]
[EventType "swiss"]
[EventRounds "6"]
[EventCountry "BRA"]
[SourceTitle "EXT 2023"]
[Source "ChessBase"]
[SourceDate "2022.10.05"]
[SourceVersion "1"]
[SourceVersionDate "2022.10.05"]
[SourceQuality "1"]

1. d4 Nf6 2. c4 g6 3. Nc3 Bg7 4. Nf3 0-0 5. Bg5 h6 6. Bh4 d6 7. e3 c5 8. Be2 Nbd7 9. Qc2 cxd4 10. exd4 b6 11. 0-0 Bb7 12. Rad1 Rc8 13. d5 a6 14. Qb1 Qe8 15. Rfe1 Nc5 16. b4 Na4 17. Nxa4 Qxa4 18. Bd3 Rc7 19. Re2 Qd7 20. Rde1 Qd8 21. a4 b5 22. axb5 axb5 23. Qa2 bxc4 24. Bxc4 Qc8 25. Bb3 g5 26. Bg3 Qg4 27. Qd2 Nxd5 28. Bxd5 Bc3 29. Bxf7+ Rxf7 30. Qc2 Kg7 31. Re3 Bxe1 32. Qxc7 Bxf3 33. Rxe1 Bd5 34. Qc3+ Kg6 35. h3 Qc4 36. Qd2 Qa2 37. Qd3+ Kg7 38. Rd1 Be6 39. b5 Rf5 40. Qd4+ Kg6 41. b6 Qb3 42. Rc1 h5 43. Rc7 Qb1+ 44. Kh2 Rd5 45. Qh8 Rd1 46. Qe8+ Bf7 47. Qxf7+ Kxf7 48. Bxd6 Rh1+ 0-1

[Event "Rio de Janeiro Estadual Cup"]
[Site "Rio de Janeiro"]
[Date "2022.07.24"]
[Round "3"]
[White "Guimaraes, Wagner Peixoto"]
[Black "Ramos, Angelo Bil"]
[Result "1-0"]
[WhiteElo "2195"]
[BlackElo "1996"]
[PlyCount "57"]
[EventDate "2022.07.23"]
[EventType "swiss"]
[EventRounds "6"]
[EventCountry "BRA"]
[SourceTitle "EXT 2023"]
[Source "ChessBase"]
[SourceDate "2022.10.05"]
[SourceVersion "1"]
[SourceVersionDate "2022.10.05"]
[SourceQuality "1"]

1. d4 d5 2. c4 e6 3. Nf3 Nf6 4. g3 Be7 5. Bg2 0-0 6. 0-0 dxc4 7. Qc2 a6 8. Qxc4 b5 9. Qc2 Bb7 10. Bg5 Nbd7 11. Nbd2 c5 12. Bxf6 Bxf6 13. dxc5 Rc8 14. Nb3 Qe7 15. Ng5 Bxg5 16. Bxb7 Rc7 17. c6 Nb8 18. Rfd1 Bf6 19. Rac1 Qb4 20. Qd2 Qxd2 21. Rxd2 Bg5 22. e3 Be7 23. Kg2 g6 24. Nc5 a5 25. Nb3 Bb4 26. Rd4 Nxc6 27. Bxc6 Rfc8 28. a3 e5 29. Rd5 1-0

[Event "Rio de Janeiro Estadual Cup"]
[Site "Rio de Janeiro"]
[Date "2022.07.23"]
[Round "2"]
[White "Ramos, Angelo Bil"]
[Black "Guimaraes, Sergio Murilo Soare"]
[Result "1-0"]
[WhiteElo "1996"]
[BlackElo "1800"]
[PlyCount "83"]
[EventDate "2022.07.23"]
[EventType "swiss"]
[EventRounds "6"]
[EventCountry "BRA"]
[SourceTitle "EXT 2023"]
[Source "ChessBase"]
[SourceDate "2022.10.05"]
[SourceVersion "1"]
[SourceVersionDate "2022.10.05"]
[SourceQuality "1"]

1. d4 g6 2. c4 Nf6 3. Nf3 Bg7 4. Nc3 0-0 5. e4 d6 6. Bg5 c6 7. Qd2 Re8 8. Be2 Na6 9. 0-0 Bg4 10. h3 Bxf3 11. Bxf3 e5 12. d5 c5 13. a3 Qd7 14. Rfb1 b6 15. b4 h5 16. Ra2 Kh7 17. Rab2 Reb8 18. Bd1 Qe7 19. Qe3 Rc8 20. Be2 Re8 21. Qf3 cxb4 22. axb4 Nc7 23. Nd1 Red8 24. c5 Nce8 25. c6 Qc7 26. Ba6 Qe7 27. Ne3 Rab8 28. Ra2 Qc7 29. Rba1 Kg8 30. b5 Qe7 31. Bb7 Nc7 32. Rb1 Nce8 33. Rxa7 Qc7 34. Nc4 Nh7 35. Bxd8 Rxd8 36. Qe3 Qe7 37. Nxb6 Bf6 38. Nc4 Bg5 39. Qe2 Qf8 40. b6 Ng7 41. c7 Re8 42. Bc6 1-0

[Event "Pan American-ch Seniors 65"]
[Site "Florianopolis"]
[Date "2022.06.25"]
[Round "7"]
[White "Moyses Sobrinho, Elias"]
[Black "Ramos, Angelo Bil"]
[Result "0-1"]
[WhiteElo "1831"]
[BlackElo "1983"]
[PlyCount "94"]
[EventDate "2022.06.21"]
[EventType "swiss"]
[EventRounds "9"]
[EventCountry "BRA"]
[SourceTitle "CBM 209 Extra"]
[Source "ChessBase"]
[SourceDate "2022.09.30"]
[SourceVersion "1"]
[SourceVersionDate "2022.09.30"]
[SourceQuality "1"]

1. d4 Nf6 2. c4 g6 3. Nc3 d5 4. cxd5 Nxd5 5. e4 Nxc3 6. bxc3 c5 7. Be3 Bg7 8. Bb5+ Bd7 9. Bxd7+ Nxd7 10. Ne2 0-0 11. 0-0 Qa5 12. Qb3 b6 13. Rac1 Rac8 14. e5 e6 15. Ng3 c4 16. Qc2 f5 17. Bg5 Rf7 18. Qd2 Bf8 19. h4 Qd5 20. Rfd1 Ba3 21. Rc2 b5 22. h5 a5 23. hxg6 hxg6 24. Ne2 Nf8 25. Nf4 Qd7 26. d5 exd5 27. Qxd5 Qxd5 28. Rxd5 Rb7 29. e6 Nh7 30. Rd7 Rbb8 31. Bh6 Bf8 32. Nxg6 Bxh6 33. Ne7+ Kh8 34. Nxc8 Rxc8 35. e7 Bg5 36. Re2 Re8 37. Rd8 Nf6 38. Re6 Kg7 39. Rxf6 Rxe7 40. Rfd6 Re1+ 41. Kh2 Bxd8 42. Rxd8 b4 43. cxb4 axb4 44. Rc8 c3 45. Kg3 Ra1 46. Rc4 Kf6 47. Kf4 Ke6 0-1

[Event "Pan American-ch Seniors 65"]
[Site "Florianopolis"]
[Date "2022.06.23"]
[Round "4"]
[White "Orpinas Konig, Claudio Javier"]
[Black "Ramos, Angelo Bil"]
[Result "0-1"]
[WhiteElo "1995"]
[BlackElo "1983"]
[PlyCount "58"]
[EventDate "2022.06.21"]
[EventType "swiss"]
[EventRounds "9"]
[EventCountry "BRA"]
[SourceTitle "CBM 209 Extra"]
[Source "ChessBase"]
[SourceDate "2022.09.30"]
[SourceVersion "1"]
[SourceVersionDate "2022.09.30"]
[SourceQuality "1"]

1. d4 Nf6 2. c4 g6 3. Nc3 Bg7 4. e4 d6 5. Bg5 h6 6. Bh4 c5 7. d5 Qa5 8. Qd2 Nbd7 9. f4 Nh5 10. Rd1 Nxf4 11. Qxf4 g5 12. Bxg5 hxg5 13. Qxg5 Bxc3+ 14. bxc3 Qxc3+ 15. Rd2 Nf6 16. Bd3 Rg8 17. Qf4 Qc1+ 18. Kf2 Ng4+ 19. Ke2 Ne5 20. Qf1 Bg4+ 21. Nf3 Qc3 22. h3 Bxf3+ 23. gxf3 0-0-0 24. Rh2 Rg3 25. Rf2 Rdg8 26. h4 Ng6 27. f4 Nxh4 28. Qh1 Ng2 29. Qb1 Re3+ 0-1

[Event "Rio de Janeiro Guanabara op 1st"]
[Site "Rio de Janeiro"]
[Date "2022.04.16"]
[Round "4"]
[White "Ramos, Angelo Bil"]
[Black "Rangel, Daniel"]
[Result "1/2-1/2"]
[WhiteElo "1972"]
[BlackElo "2207"]
[PlyCount "105"]
[EventDate "2022.04.09"]
[EventType "swiss"]
[EventRounds "6"]
[EventCountry "BRA"]
[SourceTitle "EXT 2023"]
[Source "ChessBase"]
[SourceDate "2022.10.05"]
[SourceVersion "1"]
[SourceVersionDate "2022.10.05"]
[SourceQuality "1"]

1. d4 Nf6 2. c4 g6 3. Nc3 Bg7 4. e4 0-0 5. Be2 d6 6. Bg5 c5 7. d5 e6 8. Qd2 exd5 9. exd5 Re8 10. Nf3 Bg4 11. 0-0 Nbd7 12. h3 Bxf3 13. Bxf3 a6 14. a4 Qa5 15. Qc2 h6 16. Bd2 Qc7 17. Rae1 Ne5 18. Be2 Nh7 19. f4 Nd7 20. Bd3 Nhf6 21. g3 Rxe1 22. Rxe1 Re8 23. Rxe8+ Nxe8 24. Kg2 Qd8 25. Qd1 b6 26. Qe2 Nc7 27. b3 Nf6 28. g4 Qc8 29. Kg3 h5 30. Ne4 Nxe4+ 31. Qxe4 hxg4 32. hxg4 Qd8 33. g5 Kf8 34. Kf3 Qd7 35. f5 gxf5 36. Qxf5 Qxf5+ 37. Bxf5 a5 38. Bc8 Be5 39. Ke4 Ke7 40. Bg4 Ne8 41. Be3 Ng7 42. Bd2 Kf8 43. Be3 Kg8 44. Bd2 Ne8 45. Bd7 Ng7 46. Bg4 Kf8 47. Be3 Ke7 48. Bd2 Ne8 49. Bh5 Nc7 50. Kf5 Na6 51. g6 fxg6+ 52. Kxg6 Nb4 53. Bxb4 1/2-1/2

[Event "Florianopolis op 8th"]
[Site "Florianopolis"]
[Date "2022.01.30"]
[Round "10"]
[White "Ramos, Angelo Bil"]
[Black "Dos Santos, Rafael Goncalves"]
[Result "1-0"]
[WhiteElo "1985"]
[BlackElo "1794"]
[PlyCount "33"]
[EventDate "2022.01.24"]
[EventType "swiss"]
[EventRounds "10"]
[EventCountry "BRA"]
[SourceTitle "EXT 2023"]
[Source "ChessBase"]
[SourceDate "2022.10.05"]
[SourceVersion "1"]
[SourceVersionDate "2022.10.05"]
[SourceQuality "1"]

1. e4 c6 2. d4 d5 3. exd5 cxd5 4. c4 Nf6 5. Nc3 Nc6 6. Bg5 Qb6 7. cxd5 Nxd5 8. Nf3 Bg4 9. Nxd5 Qa5+ 10. Nc3 Bxf3 11. Qxf3 Qxg5 12. Bb5 Rc8 13. 0-0 e6 14. d5 a6 15. dxc6 axb5 16. cxb7 Rb8 17. Qc6+ 1-0

[Event "Florianopolis op 8th"]
[Site "Florianopolis"]
[Date "2022.01.24"]
[Round "1"]
[White "Lopes, Marcia Maria Dias"]
[Black "Ramos, Angelo Bil"]
[Result "0-1"]
[WhiteElo "1363"]
[BlackElo "1985"]
[PlyCount "82"]
[EventDate "2022.01.24"]
[EventType "swiss"]
[EventRounds "10"]
[EventCountry "BRA"]
[SourceTitle "CBM 206 Extra"]
[Source "ChessBase"]
[SourceDate "2022.03.31"]
[SourceVersion "1"]
[SourceVersionDate "2022.03.31"]
[SourceQuality "1"]

1. d4 Nf6 2. Bf4 d6 3. Nf3 g6 4. e3 Bg7 5. Be2 0-0 6. 0-0 Nbd7 7. h3 c5 8. c3 b6 9. Nbd2 Bb7 10. Bh2 a6 11. a4 Rc8 12. Rc1 Re8 13. b4 cxb4 14. cxb4 Rxc1 15. Qxc1 Qa8 16. Qb1 Nd5 17. Rc1 Rc8 18. Bc4 N5f6 19. Ba2 Bh6 20. Rxc8+ Qxc8 21. Qd1 Qc3 22. b5 a5 23. Bb3 Bd5 24. Bxd5 Nxd5 25. Ne4 Qc4 26. Nfd2 Qc7 27. Nf3 Nf8 28. h4 Ne6 29. Kh1 Qc4 30. Ned2 Qd3 31. Ne1 Qc3 32. Ne4 Qb4 33. Nd3 Qa3 34. g4 Nc3 35. Nxc3 Qxc3 36. Bg3 Nc7 37. g5 Bg7 38. Bf4 Nd5 39. Kg2 Bxd4 40. exd4 Qxd3 41. Qxd3 Nxf4+ 0-1

[Event "Rio de Janeiro Estadual-ch"]
[Site "Rio de Janeiro"]
[Date "2021.11.15"]
[Round "5"]
[White "Rangel, Daniel"]
[Black "Ramos, Angelo Bil"]
[Result "1-0"]
[WhiteElo "2210"]
[BlackElo "1979"]
[PlyCount "90"]
[EventDate "2021.11.13"]
[EventType "swiss"]
[EventRounds "6"]
[EventCountry "BRA"]
[SourceTitle "CBM 205 Extra"]
[Source "ChessBase"]
[SourceDate "2022.01.31"]
[SourceVersion "1"]
[SourceVersionDate "2022.01.31"]
[SourceQuality "1"]

1. c4 Nf6 2. Nc3 d5 3. cxd5 Nxd5 4. Nf3 g6 5. h4 Nxc3 6. bxc3 Bg7 7. e4 c5 8. h5 Nc6 9. Rb1 Qc7 10. Bc4 e6 11. Bb2 a6 12. d4 b5 13. Bd3 c4 14. Bc2 Bb7 15. Qe2 Rd8 16. a4 Qa5 17. Kf1 e5 18. d5 Nb8 19. axb5 axb5 20. Ra1 Qc7 21. Ba3 Nd7 22. g3 Ra8 23. Kg2 Bf8 24. Bxf8 Rxa1 25. Rxa1 Kxf8 26. Qe3 h6 27. hxg6 fxg6 28. Rb1 Ba6 29. Nh4 Kg7 30. f4 Rf8 31. f5 g5 32. Ng6 Rf6 33. Rh1 Nf8 34. Nxf8 Rxf8 35. Bd1 Rf6 36. Bh5 Qb6 37. Qf3 Qa5 38. Bg6 Qa2+ 39. Kh3 Qd2 40. Rd1 Qc2 41. d6 Rf8 42. d7 Rd8 43. f6+ Kf8 44. Qh5 g4+ 45. Qxg4 Qf2 1-0

[Event "Rio de Janeiro Estadual-ch"]
[Site "Rio de Janeiro"]
[Date "2021.11.13"]
[Round "2"]
[White "Ramos, Angelo Bil"]
[Black "Limp, Eduardo Thelio"]
[Result "1-0"]
[WhiteElo "1979"]
[BlackElo "2364"]
[PlyCount "97"]
[EventDate "2021.11.13"]
[EventType "swiss"]
[EventRounds "6"]
[EventCountry "BRA"]
[SourceTitle "CBM 205 Extra"]
[Source "ChessBase"]
[SourceDate "2022.01.31"]
[SourceVersion "1"]
[SourceVersionDate "2022.01.31"]
[SourceQuality "1"]

1. d4 d5 2. c4 e6 3. Nc3 Nf6 4. Bg5 Be7 5. e3 0-0 6. Nf3 Nbd7 7. Qc2 c6 8. Rc1 Re8 9. a3 a6 10. h3 dxc4 11. Bxc4 Nd5 12. Bxe7 Rxe7 13. 0-0 Nxc3 14. Qxc3 Nf8 15. Bd3 Bd7 16. Rfd1 Be8 17. Qc2 f6 18. Bc4 Bf7 19. e4 Rd7 20. Rd2 Qe7 21. e5 Bg6 22. Qc3 Be4 23. Nh2 fxe5 24. dxe5 Qg5 25. f4 Rxd2 26. Qxd2 Rd8 27. Qf2 Qg6 28. Ng4 Kh8 29. Ne3 b5 30. Bf1 Qf7 31. Rd1 Rxd1 32. Nxd1 Ng6 33. Nc3 Bd5 34. g3 h5 35. h4 Ne7 36. Bd3 Nf5 37. Ne4 Bxe4 38. Bxe4 c5 39. Qxc5 Nxg3 40. Qc8+ Qg8 41. Qxg8+ Kxg8 42. Bd3 g6 43. Kf2 Nf5 44. Bxf5 exf5 45. Ke3 Kf7 46. Kd4 Ke6 47. b4 Kd7 48. Kd5 Ke7 49. e6 1-0

[Event "Rio de Janeiro Duchamp op 3rd"]
[Site "Rio de Janeiro"]
[Date "2019.12.07"]
[Round "1"]
[White "Ramos, Angelo Bil"]
[Black "Hernandez Guerrero, Gilberto Eduardo"]
[Result "0-1"]
[WhiteElo "1957"]
[BlackElo "2554"]
[PlyCount "68"]
[EventDate "2019.12.07"]
[EventType "swiss"]
[EventRounds "9"]
[EventCountry "BRA"]
[SourceTitle "CBM 193 Extra"]
[Source "ChessBase"]
[SourceDate "2020.01.31"]
[SourceVersion "1"]
[SourceVersionDate "2020.01.31"]
[SourceQuality "1"]

1. d4 Nf6 2. c4 c5 3. d5 g6 4. Nc3 Bg7 5. e4 d6 6. Nf3 0-0 7. Bd3 Na6 8. h3 e6 9. 0-0 e5 10. Re1 Ne8 11. a3 f5 12. Rb1 f4 13. b4 Rf7 14. Be2 h6 15. Bd2 Nf6 16. Qc2 g5 17. Nh2 Bf8 18. Qd1 Rh7 19. Bh5 Nxh5 20. Qxh5 Bd7 21. b5 Be8 22. Qe2 Nb8 23. Nd1 Nd7 24. f3 h5 25. Nf2 Nf6 26. Rb3 Bd7 27. a4 Qe8 28. Reb1 Qg6 29. Kf1 Be7 30. Ke1 g4 31. Nf1 gxh3 32. gxh3 Rg7 33. Kd1 Qg2 34. Be1 Nh7 0-1

[Event "Niteroi op 1st"]
[Site "Niteroi"]
[Date "2019.09.07"]
[Round "6"]
[White "Donoso Diaz, Sebastian"]
[Black "Ramos, Angelo Bil"]
[Result "1-0"]
[WhiteElo "2193"]
[BlackElo "1960"]
[PlyCount "87"]
[EventDate "2019.09.04"]
[EventType "swiss"]
[EventRounds "7"]
[EventCountry "BRA"]
[SourceTitle "EXT 2020"]
[Source "ChessBase"]
[SourceDate "2019.10.17"]
[SourceVersion "1"]
[SourceVersionDate "2019.10.17"]
[SourceQuality "1"]

1. Nf3 Nf6 2. c4 g6 3. Nc3 Bg7 4. e4 d6 5. d4 0-0 6. h3 Nbd7 7. Be3 e5 8. d5 a5 9. g4 Nc5 10. Nd2 Nfd7 11. h4 f5 12. gxf5 gxf5 13. h5 f4 14. Bxc5 Nxc5 15. h6 Bf6 16. Nb3 Nd7 17. Na4 Kh8 18. Bh3 Rg8 19. Be6 Rg5 20. Nd2 Nf8 21. Bxc8 Rxc8 22. Qb3 b6 23. Qh3 Qd7 24. Ke2 Qxh3 25. Rxh3 Nd7 26. a3 Rg6 27. Nc3 Bg5 28. Rb1 Be7 29. b4 axb4 30. axb4 Ra8 31. Nb5 Bd8 32. Ra3 Rxa3 33. Nxa3 Nf6 34. Nb5 Kg8 35. Ra1 Kf8 36. Ra7 Ne8 37. Ra2 Ke7 38. Na7 Kd7 39. Nc6 Bf6 40. c5 bxc5 41. b5 Rxh6 42. Ra7 Kc8 43. b6 cxb6 44. Nc4 1-0

[Event "Niteroi op 1st"]
[Site "Niteroi"]
[Date "2019.09.06"]
[Round "4"]
[White "Terao, Juliana Sayumi"]
[Black "Ramos, Angelo Bil"]
[Result "1-0"]
[WhiteElo "2211"]
[BlackElo "1960"]
[PlyCount "73"]
[EventDate "2019.09.04"]
[EventType "swiss"]
[EventRounds "7"]
[EventCountry "BRA"]
[SourceTitle "EXT 2020"]
[Source "ChessBase"]
[SourceDate "2019.10.17"]
[SourceVersion "1"]
[SourceVersionDate "2019.10.17"]
[SourceQuality "1"]

1. e4 e5 2. Nf3 Nc6 3. Bb5 a6 4. Ba4 Nf6 5. d3 b5 6. Bb3 Bc5 7. c3 d6 8. 0-0 Bb6 9. Nbd2 0-0 10. a4 Rb8 11. Re1 h6 12. Nf1 Re8 13. Ng3 Bd7 14. h3 Qc8 15. Nh2 Be6 16. Bd2 Ne7 17. a5 Ba7 18. d4 Ng6 19. Bc2 Ra8 20. Nh5 Qd8 21. Ng3 c5 22. d5 Bd7 23. b3 c4 24. b4 Be3 25. fxe3 Rf8 26. Rf1 Ra7 27. Qe2 Bc8 28. Rf2 Nh7 29. Raf1 Nh4 30. Kh1 Qg5 31. Nh5 Qe7 32. Qe1 g6 33. Nf6+ Nxf6 34. Rxf6 Nf5 35. Ng4 h5 36. exf5 hxg4 37. fxg6 1-0

[Event "American Continental 15th"]
[Site "Sao Paulo"]
[Date "2019.07.07"]
[Round "4"]
[White "Ramos, Angelo Bil"]
[Black "Albuquerque, Wellington S Jr"]
[Result "0-1"]
[WhiteElo "1937"]
[BlackElo "2204"]
[PlyCount "112"]
[EventDate "2019.07.05"]
[EventType "swiss"]
[EventRounds "11"]
[EventCountry "BRA"]
[SourceTitle "CBM 191 Extra"]
[Source "ChessBase"]
[SourceDate "2019.09.30"]
[SourceVersion "1"]
[SourceVersionDate "2019.09.30"]
[SourceQuality "1"]

1. e4 d6 2. d4 Nf6 3. Nc3 e5 4. dxe5 dxe5 5. Qxd8+ Kxd8 6. Bg5 Be6 7. 0-0-0+ Ke8 8. f3 Nbd7 9. g3 Bc5 10. Kb1 h6 11. Bc1 c6 12. b3 b5 13. Bb2 a5 14. a4 b4 15. Nce2 Ke7 16. Nc1 Rhd8 17. Bh3 Bxh3 18. Nxh3 Re8 19. Ne2 Rad8 20. Rhf1 Nb6 21. Rxd8 Kxd8 22. Nf2 Kc7 23. Nd3 Bd6 24. Bc1 c5 25. Be3 Nfd7 26. Nb2 Kc6 27. Rd1 Nf8 28. c3 Ne6 29. cxb4 axb4 30. Rc1 Kb7 31. Nc4 Nxc4 32. Rxc4 Rf8 33. f4 exf4 34. gxf4 f5 35. Kc2 g5 36. exf5 Rxf5 37. Ng3 Rd5 38. fxg5 hxg5 39. Ne4 Be7 40. h3 Kc6 41. Ng3 Bd6 42. Rg4 Bf4 43. Bxf4 gxf4 44. Rg6 fxg3 45. Rxe6+ Rd6 46. Re2 Rh6 47. Rg2 Rxh3 48. Kd3 Kd5 49. a5 Kc6 50. Ke4 Kb5 51. Kf4 Kxa5 52. Kg4 Rh2 53. Rxg3 Rc2 54. Kf4 Rc3 55. Rg5 Kb5 56. Ke4 Rxb3 0-1

[Event "Rio de Janeiro Fexerj op"]
[Site "Rio de Janeiro"]
[Date "2019.06.01"]
[Round "2"]
[White "Ramos, Angelo Bil"]
[Black "Soares, Joao Carlos TC"]
[Result "0-1"]
[WhiteElo "1910"]
[BlackElo "2073"]
[PlyCount "84"]
[EventDate "2019.06.01"]
[EventType "swiss"]
[EventRounds "6"]
[EventCountry "BRA"]
[SourceTitle "CBM 190 Extra"]
[Source "ChessBase"]
[SourceDate "2019.07.15"]
[SourceVersion "1"]
[SourceVersionDate "2019.07.15"]
[SourceQuality "1"]

1. e4 c5 2. Nf3 Nc6 3. d4 cxd4 4. Nxd4 g6 5. c4 Bg7 6. Be3 Nf6 7. Nc3 0-0 8. Nc2 d6 9. Be2 Be6 10. f3 a6 11. 0-0 Rc8 12. Nd5 Nd7 13. Rb1 a5 14. Nf4 Nc5 15. Nxe6 fxe6 16. Qd2 Qb6 17. b3 Ra8 18. Kh1 Qc7 19. Rfd1 Rf7 20. Na3 Qc8 21. Nb5 e5 22. Nc3 Qf8 23. a3 Ne6 24. Bf1 Ncd4 25. Nd5 h5 26. Nb6 Ra7 27. b4 axb4 28. axb4 Kh7 29. c5 h4 30. h3 Nf4 31. Bxf4 Rxf4 32. Qb2 Bh6 33. Nd5 Rf7 34. cxd6 e6 35. Ne7 Bf4 36. Rxd4 exd4 37. Qxd4 Ra8 38. e5 Qh6 39. Bd3 Rg7 40. Rd1 Qg5 41. Nxg6 Rxg6 42. d7 Qxg2# 0-1